10 największych miast świata (populacja) - Statystyki

Ogólne statystyki
  • Ten quiz został rozwiązany 377 razy
  • Średni wynik to 4 z 10
Statystyki odpowiedzi
Populacja Miasto % Poprawnych
37 274 000 Tokio
95%
21 333 332 Pekin
74%
28 516 904 Szanghaj
50%
32 065 760 Delhi
43%
22 085 140 Meksyk
42%
21 750 020 Kair
38%
22 429 800 Sao Paulo
30%
20 961 472 Mumbaj
20%
19 059 856 Osaka
20%
22 478 116 Dhaka
17%
Nie znaleziono quizów pasujących do podanych kryteriów
Rozkład punktacji
Procent ludzi z każdym wynikiem
Percentyl według liczby udzielonych odpowiedzi
Twoja historia wyników
Nie rozwiązałeś tego quizu